<?xml version="1.0" encoding="UTF-8"?>
<collection xmlns="http://www.loc.gov/MARC21/slim">
    <record>
        <controlfield tag="001">47040</controlfield>
        <controlfield tag="005">20170831220551.0</controlfield>
        <datafield tag="037" ind1=" " ind2=" ">
            <subfield code="a">TAZ-TFM-2015-983</subfield>
        </datafield>
        <datafield tag="041" ind1=" " ind2=" ">
            <subfield code="a">spa</subfield>
        </datafield>
        <datafield tag="100" ind1="1" ind2=" ">
            <subfield code="a">Lite Menal, Sergio</subfield>
        </datafield>
        <datafield tag="245" ind1="0" ind2="0">
            <subfield code="a">El Partido Republicano Radical en Zaragoza. Interpretación histórica durante la II República (1931-1936)</subfield>
        </datafield>
        <datafield tag="260" ind1=" " ind2=" ">
            <subfield code="a">Zaragoza</subfield>
            <subfield code="b">Universidad de Zaragoza</subfield>
            <subfield code="c">2015</subfield>
        </datafield>
        <datafield tag="506" ind1=" " ind2=" ">
            <subfield code="a">by-nc-sa</subfield>
            <subfield code="b">Creative Commons</subfield>
            <subfield code="c">3.0</subfield>
            <subfield code="u">http://creativecommons.org/licenses/by-nc-sa/3.0/</subfield>
        </datafield>
        <datafield tag="520" ind1=" " ind2=" ">
            <subfield code="a">El Partido Radical fue una de las principales fuerzas políticas existentes en la política española durante la II República. A tal efecto son bien conocidas en la historiografía la figura de Alejandro Lerroux, líder del partido desde su creación en 1908, o los escándalos de corrupción que empañaron la imagen del partido a finales del año 1935. Dejando de lado la política nacional del radicalismo y su tratamiento por la historiografía, nos encontramos con diversos estudios locales en regiones españolas acerca de la importancia del Partido Radical, pero no disponemos de ninguno para el caso de la ciudad de Zaragoza y su provincia. Teniendo en cuenta que el radicalismo fue la fuerza política republicana más importante no sólo en Zaragoza, sino también en el resto de Aragón, este trabajo tratará de arrojar algo de luz a cuál fue la actuación y relevancia del Partido Radical en el ámbito geográfico de la provincia de Zaragoza.</subfield>
        </datafield>
        <datafield tag="521" ind1=" " ind2=" ">
            <subfield code="a">Máster Universitario en Historia Contemporánea</subfield>
        </datafield>
        <datafield tag="540" ind1=" " ind2=" ">
            <subfield code="a">Derechos regulados por licencia Creative Commons</subfield>
        </datafield>
        <datafield tag="700" ind1=" " ind2=" ">
            <subfield code="a">Casanova Ruiz, Julián</subfield>
            <subfield code="e">dir.</subfield>
        </datafield>
        <datafield tag="710" ind1="2" ind2=" ">
            <subfield code="a">Universidad de Zaragoza</subfield>
            <subfield code="b">Historia Moderna y Contemporánea</subfield>
            <subfield code="c">Historia Contemporánea</subfield>
        </datafield>
        <datafield tag="856" ind1="0" ind2=" ">
            <subfield code="f">592551@celes.unizar.es</subfield>
        </datafield>
        <datafield tag="856" ind1="4" ind2=" ">
            <subfield code="s">1769698</subfield>
            <subfield code="u">http://zaguan.unizar.es/record/47040/files/TAZ-TFM-2015-983.pdf</subfield>
            <subfield code="y">Memoria (spa)</subfield>
        </datafield>
        <datafield tag="909" ind1="C" ind2="O">
            <subfield code="o">oai:zaguan.unizar.es:47040</subfield>
            <subfield code="p">driver</subfield>
            <subfield code="p">trabajos-fin-master</subfield>
        </datafield>
        <datafield tag="950" ind1=" " ind2=" ">
            <subfield code="a"></subfield>
        </datafield>
        <datafield tag="951" ind1=" " ind2=" ">
            <subfield code="a">deposita:2016-02-10</subfield>
        </datafield>
        <datafield tag="980" ind1=" " ind2=" ">
            <subfield code="a">TAZ</subfield>
            <subfield code="b">TFM</subfield>
            <subfield code="c">FFYL</subfield>
        </datafield>
    </record>

    
</collection>